Detalles MARC
| 000 -CABECERA |
| campo de control de longitud fija |
02985nam a2200253 4500 |
| 003 - IDENTIFICADOR DEL NÚMERO DE CONTROL |
| campo de control |
vecauma |
| 005 - FECHA Y HORA DE LA ÚLTIMA TRANSACCIÓN |
| campo de control |
20260323142250.0 |
| 007 - CAMPO FIJO DE DESCRIPCIÓN FÍSICA--INFORMACIÓN GENERAL |
| campo de control de longitud fija |
ta |
| 008 - DATOS DE LONGITUD FIJA--INFORMACIÓN GENERAL |
| campo de control de longitud fija |
260323b ve ||||| |||| 00| 0 spa d |
| 020 ## - ISBN |
| Número Internacional Estándar del Libro |
8480881585 |
| 040 ## - FUENTE DE LA CATALOGACIÓN |
| Centro catalogador/agencia de origen |
vecauma |
| Lengua de catalogación |
spa |
| Centro/agencia transcriptor |
vecauma |
| Centro/agencia modificador |
vecauma |
| Normas de descripción |
rda |
| 041 ## - CÓDIGO DE LENGUA |
| Código de lengua del recurso |
spa |
| 100 1# - AUTOR PERSONAL |
| Término indicativo de función/relación |
autor |
| 245 1# - MENCIÓN DE TÍTULO |
| Título |
Como hablar bien en público |
| Resto del título |
Comunicar, persuadir y convencer con palabras |
| Mención de responsabilidad, etc. |
/ Manuel Couto |
| 264 ## - PRODUCCIÓN, PUBLICACIÓN, DISTRIBUCIÓN, FABRICACIÓN Y COPYRIGHT |
| Producción, publicación, distribución, fabricación y copyright |
España: |
| Nombre del de productor, editor, distribuidor, fabricante |
Ediciones Gestión 2000, S.A.; |
| Fecha de producción, publicación, distribución, fabricación o copyright |
1996. |
| 300 ## - DESCRIPCIÓN FÍSICA |
| Extensión |
153 páginas. |
| 336 ## - TIPO DE CONTENIDO |
| Término de tipo de contenido |
texto |
| Código de tipo de contenido |
txt |
| Fuente |
rdacontenido |
| 337 ## - TIPO DE MEDIO |
| Nombre/término del tipo de medio |
no mediado |
| Código del tipo de medio |
n |
| Fuente |
rdamedio |
| 338 ## - TIPO DE SOPORTE |
| Nombre/término del tipo de soporte |
volumen |
| Código del tipo de soporte |
nc |
| Fuente |
rdasoporte |
| 505 0# - NOTA DE CONTENIDO CON FORMATO |
| Nota de contenido con formato |
La comunicación personal, hoy /<br/>Ejercicio<br/>Algo de psicología /<br/>Ejercicio<br/>La comunicación global /<br/>Ejercicio <br/>Motivación /<br/>La sonrisa /<br/>El sí /<br/>La última llave /<br/>Ejercicio<br/>L expresión corporal /<br/>Ejercicio<br/>El miedo y los nervios /<br/>Normas básicas protocolarias /<br/>La comunicación oral /<br/>Ejercicio <br/>Recursos estilísticos /<br/>Ejercicio <br/>La estructura del mensaje /<br/>Ejercicio<br/>Elementos físicos que intervienen en la comunicación /<br/>Ejercicio <br/>Casos diferentes de comunicación verbal directa /<br/>La comunicación verbal indirecta /<br/>Ejercicio<br/>últimos consejos /<br/>Resumen final / |
| 520 3# - SUMARIO, ETC. |
| Sumario, etc. |
Manuel Couto Rodríguez es creativo publicitario y profesor de teoría de la imagen. Ha dado cursos y conferencias sobre creación visual y comunicación empresarial. Ha publicado numerosos artículos y medios de comunicación. En la actualidad su labor profesional se centra en la creación, diseño publicitario y la asesoría de imagen para empresas de ámbito nacional e internacional.<br/><br/>Hablar bien en público es la mejor manera de lograr tanto el éxito personal como profesional.<br/>Dominar la palabra, la construcción de frases persuasivas y el lenguaje corporal; conocer los aspectos positivos de su personalidad y mostrarlos a los demás con naturalidad, harán de usted una persona admirada tanto por sus amigos y familiares como por sus jefes y clientes.<br/>Esta obra le muestra, con un lenguaje sencillo y directo, todas las fórmulas e ideas para que pueda:<br/>.Impartir clases como profesor<br/>.Pronunciar una conferencia<br/>.Participar de forma efectiva en reuniones profesionales<br/>.Presentarse a una entrevista de trabajo<br/>.Efectuar una presentación de venta<br/>.Intervenir en un coloquio radiofónico o televisivo<br/><br/>...Y muchas otras situaciones en las que su palabra juegue un papel importante.<br/>Además se proponen ejercicios prácticos y amenos que le ayudarán a "tener soltura", autoconocerse y, por supuesto, a vencer los nervios y la timidez.<br/>Si usted lee con detenimiento este libró y realiza de forma metódica cada ejercicio, al final los resultados serán espectaculares.<br/>Cómo hablar bien en público es una de las mejores inversiones que usted puede realizar para alcanzar el éxito en todos los aspectos de su vida. |
| 942 #1 - ELEMENTOS DE ENTRADA AGREGADA (KOHA) |
| Fuente del sistema de clasificación o colocación |
Library of Congress Classification |
| Ocultar en OPAC |
No |
| Tipo de ítem Koha |
Libros |